[Event "Tashkent FIDE GP (Women)"]
[Site "Tashkent"]
[Date "2013.09.26"]
[Round "8"]
[White "Koneru, Humpy"]
[Black "Zhao, Xue"]
[Result "1-0"]
[WhiteElo "2607"]
[BlackElo "2579"]
[Annotator "CB"]
[PlyCount "73"]
[EventDate "2013.09.18"]
[EventType "tourn"]
[EventRounds "11"]
[EventCountry "UZB"]
[EventCategory "10"]
[SourceTitle "CBM 157"]
[Source "ChessBase"]
[SourceDate "2013.11.12"]
[SourceVersion "1"]
[SourceVersionDate "2013.11.12"]
[SourceQuality "1"]

1. Nf3 c5 2. g3 Nc6 3. d4 cxd4 4. Nxd4 Nf6 ({Prinzipieller ist} 4... e5 {z.B.:}
5. Nb5 d6 ({Aber nicht} 5... d5 6. Qxd5 Qxd5 7. Nc7+ Kd8 8. Nxd5) 6. c4 Be6 7.
b3 a6 8. N5c3 Nf6 9. Bg2 Be7 10. O-O O-O 11. Nd5 Bxd5 12. cxd5 Nb8 13. e4 Nbd7
{Orendy,E-Varnusz,E Budapest 1961, ½-½ (44)}) ({Nach} 4... d5 5. Bg2 e5 6.
Nxc6 bxc6 7. c4 {hätte Weiß Grünfeld mit vertauschten Farben auf dem Brett
und hat damit in der Praxis gute Ergbnisse erzielt.}) 5. Bg2 e6 6. O-O Qb6 7.
Nb3 Ne5 {Das Manöver kennt man in ähnlicher Stellung, alelrdings mit einem
weißen Bauern auf c4. Hier ist der Zug neu.} ({"Normal" ist} 7... d5 $5 8. Be3
Qc7 9. Nc3 Be7) 8. Be3 Qc7 9. N1d2 h5 (9... Neg4 10. Bd4 e5 11. Bc3 d5 12. h3
Nh6 13. g4 {bringt Schwarz in Schwierigkeiten.}) 10. h4 (10. Bf4 $5 d6 11. c4)
10... Neg4 11. Bf4 e5 12. Bg5 Nh7 13. Nf3 a5 ({Als wenig günstig für Schwarz
erweist sich} 13... Nxg5 14. Nxg5 Be7 15. Qd3 Bxg5 16. hxg5 d6 (16... h4 17.
gxh4 Rxh4 18. Qg3 $18) 17. Rad1 $16 {Weiß hat Druck auf der d-Linie und der
Sg4 ist latent gefährdet.}) 14. Qd3 d6 15. c4 Be6 16. Rac1 a4 17. Nbd2 f6 18.
Be3 Be7 19. Ne4 (19. Qg6+ Kf8 $11 (19... Bf7 $2 20. Qxg7 $18)) 19... O-O 20.
Bd2 $11 Rfc8 (20... Qd7) 21. Bb4 (21. Nc3 $5 Qxc4 (21... Bxc4 22. Nd5 Bxd3 23.
Rxc7 $18) 22. Ne1 Rab8 23. Bd5 $14) 21... b5 $2 {Danach entstehen komplizierte
Verwicklungen, die abe rzugunsten von Weiß sind.} (21... Bxc4 22. Qa3 Qd7 $11)
22. Bxd6 ({Weiß konnte sich auf} 22. cxb5 Qxc1 23. Rxc1 Rxc1+ {einlassen:} 24.
Ne1 {und falls} d5 {so} 25. Qd2 Rc7 26. Bxe7 Rxe7 27. Nc5 Bf7 28. Bxd5 $18)
22... bxc4 23. Qa3 Bxd6 24. Nxd6 Rd8 25. Nxc4 Bxc4 (25... e4 $5 26. Nce5 Qb6)
26. Nd2 Rxd2 27. Bxa8 Qf7 28. Qb4 Rd8 29. Rxc4 Rxa8 {Schwarz hat mit den zwei
Springeren noch etwas Kompensation für die Qualität, aber Weiß reduziert
nun rasch und humorlos jedes Gegenspiel.} 30. Rfc1 Nf8 31. Rc8 Rxc8 32. Rxc8 f5
33. Qxa4 Kh7 (33... f4 34. Qc4 $18) 34. Qe8 Qb7 35. Qxf8 Qe4 36. Qh8+ Kg6 37.
Qe8+ 1-0

[Event "Buenos Aires"]
[Site "Buenos Aires"]
[Date "1980.??.??"]
[Round "?"]
[White "Larsen, Bent"]
[Black "Andersson, Ulf"]
[Result "0-1"]
[WhiteElo "2590"]
[BlackElo "2590"]
[Annotator "Chekhov,V"]
[PlyCount "138"]
[EventDate "1980.10.15"]
[EventType "tourn"]
[EventRounds "13"]
[EventCountry "ARG"]
[EventCategory "13"]
[SourceTitle "MCL"]
[Source "ChessBase"]
[SourceDate "1999.07.01"]
[SourceVersion "1"]
[SourceVersionDate "1999.07.01"]
[SourceQuality "1"]

1. d4 Nf6 2. Nf3 e6 3. Bg5 h6 4. Bh4 b6 (4... c5 $5) 5. e3 Bb7 6. Bd3 c5 7. O-O
Be7 8. c4 (8. Nbd2 O-O 9. c3 cxd4 10. cxd4 $5 Nc6 (10... d5 11. Ne5 Nbd7 12.
Rc1 Nxe5 13. dxe5 $14) 11. a3 d6 12. e4 $5 Nh5 13. d5 $1 $14 {Hansen,
C-Gurevich,M/Munchen/1992/0:1 (66) Inf 54/54/}) 8... cxd4 9. Nxd4 $6 (9. exd4
O-O 10. Nc3 d5 $13) 9... d6 10. Nc3 Nbd7 11. Re1 a6 12. Bf1 Rc8 13. Rc1 g5 $5 (
13... O-O 14. e4 Ne5 15. b3 $13) 14. Bg3 h5 15. f4 (15. h4 gxh4 16. Bxh4 Ng4
17. Bxe7 Qxe7 18. f3 Qh4 $1 19. fxg4 hxg4 $36) 15... Rg8 16. fxg5 Rxg5 17. Nf3
Rg8 18. e4 Qc7 $13 19. b4 $6 (19. Kh1 $5) 19... Ng4 (19... Ne5 $5) 20. Rc2 Nde5
21. Kh1 (21. Nxe5 $5 dxe5 22. h3 h4 $1) 21... Ng6 22. Nd4 h4 $1 23. Bf2 (23.
Qxg4 hxg3 24. hxg3 (24. Qxg3 $2 Bh4 $19) 24... Kd7 $36) 23... Nxf2+ 24. Rxf2
Ne5 25. Qh5 {[]e6/} Qd7 26. Be2 Rf8 27. Ref1 Kd8 28. b5 $1 axb5 (28... a5 $6
29. Na4 Kc7 (29... Qc7 30. Nxe6+ $18) 30. c5 $1 bxc5 31. Nxc5 dxc5 32. Qxe5+
Bd6 33. Qg7 Rg8 34. Qh7 Rh8 35. Qxf7 $1 $18) 29. Ndxb5 Rc5 30. Na4 Nd3 $1 31.
Nxc5 Nxf2+ 32. Rxf2 bxc5 33. Bf3 (33. Rxf7 Qe8 $1 34. Rxf8 Qxf8 $36) 33... Ba6
(33... f5 $5 34. exf5 Rxf5) 34. Rb2 $6 (34. a4 $5) 34... Bf6 $1 35. Qh6 Ke7 36.
Rb1 Rh8 37. Qd2 Be5 $15 38. a4 Bb7 39. a5 Bc6 40. a6 $6 (40. Rb3 $5) (40. h3 $5
) 40... Ra8 (40... h3 $5 41. g3 Ra8) 41. Qf2 Rxa6 42. Qxh4+ Bf6 43. Qf2 Ra1 44.
Rxa1 Bxa1 45. Qe2 Be5 $17 46. g3 Qb7 47. Kg2 Qa8 48. h4 Qa1 49. Qd2 Qb1 50. Qa5
(50. Qe2 Bd4 $1 51. Nxd4 cxd4 52. e5 d3 53. exd6+ Kxd6 54. c5+ Ke7 $19) 50...
Bxe4 $1 51. Qc7+ Kf6 52. Qd8+ Kg7 53. Qg5+ Bg6 $1 54. h5 Qc2+ 55. Kf1 Qf5 $19
56. Qxf5 Bxf5 57. g4 Bd3+ 58. Be2 Be4 59. Kf2 Kh6 60. Ke3 Bg2 61. Bf3 Bf1 62.
Be2 Bh3 $1 63. Na7 Kg5 64. Nc6 Bf6 65. Na5 Bd4+ 66. Kd3 Bxg4 67. Bxg4 Kxg4 68.
Nb7 Kxh5 69. Nxd6 f5 0-1

[Event "EU-Cup 13th Group3"]
[Site "Slough"]
[Date "1997.09.22"]
[Round "1"]
[White "Lalic, Bogdan"]
[Black "Thinius, Marco"]
[Result "1-0"]
[WhiteElo "2600"]
[BlackElo "2310"]
[Annotator "ChessBase"]
[PlyCount "69"]
[EventDate "1997.09.22"]
[EventType "team-k.o."]
[EventRounds "3"]
[EventCountry "ENG"]
[SourceTitle "EXT 2020"]
[Source "ChessBase"]
[SourceDate "2019.10.17"]
[SourceVersion "1"]
[SourceVersionDate "2019.10.17"]
[SourceQuality "1"]
[WhiteTeam "Slough Chess Club"]
[BlackTeam "Berlin SV Empor"]
[WhiteTeamCountry "ENG"]
[BlackTeamCountry "GER"]

1. d4 Nf6 2. Nf3 e6 3. g3 b5 4. Bg2 Bb7 5. Bg5 c5 6. c3 cxd4 7. Bxf6 Qxf6 8.
cxd4 Bb4+ 9. Nc3 O-O 10. O-O Bxc3 11. bxc3 Na6 12. a4 Nc7 13. axb5 Nxb5 14. Qd3
Nd6 15. Ne5 Bxg2 16. Kxg2 Qe7 17. c4 f6 18. Nf3 f5 19. Rfb1 g5 20. c5 g4 21.
Ne5 Nf7 22. Qe3 Nxe5 23. Qxe5 Rfc8 24. Ra6 h5 25. h4 gxh3+ 26. Kh2 Rf8 27. Qf4
Qg7 28. Rb7 Rf7 29. Raxa7 Rxa7 30. Rxa7 Kh7 31. f3 Qf6 32. Qe5 Qg6 33. Ra8 Rg7
34. Qf4 Qh6 $4 (34... Qg5 $142 $16) 35. Rh8+ 1-0

[Event "Hastings 9697"]
[Site "Hastings"]
[Date "1996.??.??"]
[Round "3"]
[White "Hebden, Mark"]
[Black "Motwani, Paul"]
[Result "1-0"]
[WhiteElo "2530"]
[BlackElo "2490"]
[Annotator "ChessBase"]
[PlyCount "72"]
[EventDate "1996.12.??"]
[EventType "tourn"]
[EventRounds "9"]
[EventCountry "ENG"]
[EventCategory "13"]
[SourceTitle "CBM 057"]
[Source "ChessBase"]
[SourceDate "1997.04.01"]
[SourceVersion "1"]
[SourceVersionDate "1997.04.01"]
[SourceQuality "1"]

1. d4 Nf6 2. Nf3 e6 3. Bg5 c5 4. c3 Nc6 5. Nbd2 cxd4 6. cxd4 h6 7. Bxf6 Qxf6 8.
e3 d5 9. Bb5 Bd6 10. O-O O-O 11. Rc1 Bd7 12. e4 dxe4 13. Nxe4 Qe7 14. Re1 Nb4
15. Bc4 Bc6 16. a3 Bf4 17. axb4 Bxc1 18. Qxc1 Rac8 19. b5 Bxe4 20. Rxe4 Qb4 21.
Ne5 Qxb5 22. Rg4 Kh8 23. Qc3 Qa4 24. h3 b5 25. d5 bxc4 26. dxe6 Qd1+ 27. Kh2
Qd6 28. exf7 Rxf7 29. Rg6 Qc7 30. Rg4 Qb8 31. Rg3 Rb7 32. f4 Qc7 33. Qd4 Kg8
34. Qd5+ Kh7 35. Qe4+ Kg8 36. Ng4 Kh8 $138 (36... Kh8 37. Nxh6 Qe7 $15) 1-0

[Event "AUT-ch"]
[Site "Moesern"]
[Date "1997.08.05"]
[Round "6"]
[White "Casagrande, Harald"]
[Black "Wittmann, Walter"]
[Result "1-0"]
[WhiteElo "2345"]
[BlackElo "2405"]
[Annotator "ChessBase"]
[PlyCount "61"]
[EventDate "1997.08.??"]
[EventType "tourn"]
[EventRounds "15"]
[EventCountry "AUT"]
[EventCategory "6"]
[SourceTitle "CBM 059 Extra"]
[Source "ChessBase"]
[SourceDate "1997.09.26"]
[SourceVersion "1"]
[SourceVersionDate "1997.09.26"]
[SourceQuality "1"]

1. d4 Nf6 2. Bg5 e6 3. Nf3 h6 4. Bxf6 Qxf6 5. c3 d6 6. Nbd2 Nd7 7. e4 g6 8. Bd3
Bg7 9. Qe2 e5 10. Nc4 O-O 11. Ne3 Nb6 $6 ({Natürlicher erscheint} 11... c6 {
Weiß hat aus der Eröffnung nichts herausgeholt und verbraucht nun 40 Minuten
auf der Suche nach einem Plan. Andere Möglichkeiten waren:}) 12. O-O (12. h4 {
mit der Idee, nach h4-h5 den Punkt "f5" zu erobern.}) (12. d5 {nebst 0-0 und
Spiel am Damenflügel mit b2-b4 nebst c4-c5.}) (12. dxe5 dxe5 {und Spiel gegen
den schlechten "Läufer" g7.}) 12... h5 $5 13. d5 {Also Spiel am Damenflügel.}
h4 {[#]} 14. g4 $1 {Auf einen groben Klotz ...} h3 {Um der Festung nach h2-h3
zuvorzukommen, aber ...} 15. Kh1 {... nun droht Weiß selbst am Königsflügel
anzugreifen.} Bh6 $2 16. g5 $1 {Und es ist praktisch bereits aus.} Bxg5 17.
Nxg5 Qxg5 18. Rg1 {Nun hat Weiß alle Figuren im Spiel, Schwarz jedoch nur die
Dame.} Qh4 19. Rg3 Na4 20. Bc2 Nc5 ({Nach} 20... Nxb2 21. Qb5 {wäre der
vorwitzige Rappe gefangen.}) 21. Nf5 Bxf5 ({Praktisch erzwungen, denn} 21...
Qf6 22. Qh5 {verhieß nichts Gutes.}) 22. exf5 Kg7 23. Rag1 Rh8 24. fxg6 f5 ({
Verzweifelte Suche nach Gegenspiel,} 24... f6 25. Bf5 {war nicht besser,
Schwarz wäre völlig gelähmt.}) 25. Bxf5 Raf8 26. Rxh3 Qf4 27. Rh7+ $1 Rxh7 ({
Oder} 27... Kf6 28. g7 {usw.}) 28. gxh7+ Kh8 29. Qh5 $1 (29. Qh5 Rxf5 30. Rg8#)
(29. Qh5 Qxf5 30. Rg8+ {usw.}) (29. Qh5 Qxf2 30. Rg8+ Rxg8 31. hxg8=Q+ Kxg8 32.
Qg6+ Kf8 33. Qf6+ {nebst Läuferabzug.}) 29... Na4 30. Rg3 Qd2 31. Qf7 $1 {
und Schwarz gab auf.} 1-0

[Event "URS-ch50 Final"]
[Site "Moscow"]
[Date "1983.04.05"]
[Round "3"]
[White "Vaganian, Rafael A"]
[Black "Psakhis, Lev"]
[Result "0-1"]
[WhiteElo "2550"]
[BlackElo "2580"]
[Annotator "ChessBase"]
[PlyCount "72"]
[EventDate "1983.04.03"]
[EventType "tourn"]
[EventRounds "17"]
[EventCountry "URS"]
[EventCategory "14"]
[SourceTitle "URS-ch"]
[Source "ChessBase"]
[SourceDate "1999.07.01"]
[SourceVersion "1"]
[SourceVersionDate "1999.07.01"]
[SourceQuality "1"]

1. d4 Nf6 2. Nf3 e6 3. Bg5 h6 4. Bxf6 Qxf6 5. e4 Nc6 6. c3 d5 7. Nbd2 Bd7 8.
Bd3 O-O-O 9. e5 Qe7 10. b4 g5 11. Nb3 g4 12. Nfd2 Qg5 13. O-O f6 14. b5 {[#]}
Nxe5 15. dxe5 fxe5 16. c4 $16 h5 17. Qe2 (17. Be2) 17... e4 {[#]} 18. Nxe4 dxe4
19. Bxe4 $16 Kb8 {[#]} (19... Bd6 20. Na5 b6 21. Nb7 $16) 20. Bxb7 $16 Kxb7 $2
(20... Bg7) 21. Qe4+ $18 Kb6 22. Rad1 $2 (22. c5+ Bxc5 23. Rac1 Bxb5 (23... Ba3
24. Rc6+ Kb7 25. Rc5+ $18) 24. Rxc5 Qxc5 25. Nxc5 Bxf1 26. Na4+ Ka5 27. Kxf1
$18) 22... Qf5 $11 23. Qe1 $2 (23. c5+ Bxc5 24. Nxc5 Qxe4 25. Nxe4 Bxb5 $11)
23... Bc5 $17 24. Rd2 h4 25. Re2 $2 (25. Nxc5 Qxc5 26. Qd1 Rh7 $17) 25... g3
$19 26. Kh1 gxf2 27. Rfxf2 Bxf2 28. Rxf2 Qg5 29. c5+ Kb7 30. c6+ Bxc6 31. bxc6+
Ka8 32. h3 Rhf8 33. Nd4 Rxf2 34. Qxf2 Qc1+ 35. Kh2 Qc5 36. Qb2 Qe5+ 0-1

[Event "Interzonal-14b"]
[Site "Szirak"]
[Date "1987.??.??"]
[Round "16"]
[White "Salov, Valery"]
[Black "De la Villa Garcia, Jesus Maria"]
[Result "1-0"]
[WhiteElo "2575"]
[BlackElo "2485"]
[Annotator "ChessBase"]
[PlyCount "51"]
[EventDate "1987.07.??"]
[EventType "tourn"]
[EventRounds "17"]
[EventCountry "HUN"]
[EventCategory "12"]
[SourceTitle "CBM 003"]
[Source "ChessBase"]
[SourceDate "1988.04.01"]
[SourceVersion "1"]
[SourceVersionDate "1988.04.01"]
[SourceQuality "1"]

1. d4 e6 2. Nf3 Nf6 3. Bg5 c5 4. e3 Qb6 5. Nbd2 Qxb2 6. Bd3 d5 7. Bxf6 gxf6 8.
c4 Qc3 9. Be2 cxd4 $5 (9... dxc4) 10. Rc1 Qa5 11. cxd5 Na6 $1 12. Nxd4 Qxd5 13.
O-O Be7 14. Bf3 Qd7 (14... Qd8 15. Qb3 O-O 16. Bxb7 Rb8 17. Rxc8 $16 {Salov,V})
15. Nc6 $1 O-O 16. Qe2 $1 $44 Nb4 17. Nxb4 Bxb4 18. Ne4 Be7 19. Rfd1 Qe8 20.
Rc7 e5 21. Ng3 Bd8 22. Rxc8 Rxc8 23. Be4 f5 24. Nxf5 Kh8 25. Nd6 Qe6 26. Bf5
1-0

[Event "Paris op"]
[Site "Paris"]
[Date "1996.??.??"]
[Round "6"]
[White "Yedidia, Jonathan"]
[Black "Komljenovic, Davorin"]
[Result "1-0"]
[WhiteElo "2425"]
[BlackElo "2475"]
[Annotator "ChessBase"]
[PlyCount "43"]
[EventDate "1996.04.??"]
[EventType "swiss"]
[EventRounds "9"]
[EventCountry "FRA"]
[SourceTitle "EXT 1997"]
[Source "ChessBase"]
[SourceDate "1996.11.15"]
[SourceVersion "1"]
[SourceVersionDate "1996.11.15"]
[SourceQuality "1"]

1. d4 Nf6 2. Nf3 c5 3. c3 e6 4. Bf4 Nc6 5. e3 Nh5 6. Bg5 Qb6 7. Nbd2 Qxb2 8.
Nc4 Qxc3+ 9. Nfd2 h6 10. Bh4 cxd4 11. Rc1 Qb4 12. Qxh5 dxe3 13. fxe3 d5 14. a3
Qa4 15. Bd3 dxc4 {[#]} 16. O-O g6 17. Bxg6 fxg6 18. Qxg6+ Kd7 19. Nxc4 b5 (
19... Be7 20. Rfd1+ Kc7 21. Qg3+ e5 22. Bxe7 $18) (19... Ne7 20. Qf6 Ke8 21.
Qxh8 Nf5 $18) 20. Qf7+ Ne7 21. Rfd1+ Kc6 22. Nb2+ 1-0

[Event "URS-ch FL56"]
[Site "Simferopol"]
[Date "1988.??.??"]
[Round "?"]
[White "Dreev, Alexey"]
[Black "Lerner, Konstantin Z"]
[Result "1-0"]
[WhiteElo "2495"]
[BlackElo "2530"]
[Annotator "ChessBase"]
[PlyCount "147"]
[EventDate "1988.11.??"]
[EventType "tourn"]
[EventRounds "17"]
[EventCountry "URS"]
[EventCategory "10"]
[SourceTitle "CBM 011"]
[Source "ChessBase"]
[SourceDate "1989.08.01"]
[SourceVersion "1"]
[SourceVersionDate "1989.08.01"]
[SourceQuality "1"]

1. d4 Nf6 2. Nf3 e6 3. Bg5 c5 4. e3 h6 $5 (4... b6 $6 5. d5 $1 {
Petrosian-Kozma/Leipzig ol/1960/} h6 6. Bxf6 Qxf6 7. Nc3 Bb7 8. e4 {Kavalek,
L-Brunner,L/Solingen/1986/1-0/}) 5. Bh4 b6 6. Nbd2 Be7 7. c3 O-O 8. Bd3 Ba6 9.
Bxa6 Nxa6 10. O-O Nb8 11. e4 d5 12. dxc5 bxc5 (12... dxe4 $2 13. Bxf6 $1) 13.
exd5 Qxd5 14. Qe2 Qb7 (14... Nc6 15. Nc4 $1 {/\ Rd1}) 15. Ne5 $1 Nc6 (15...
Qxb2 16. Qf3 Na6 17. Nc6 Qb7 18. Nxe7+ Qxe7 19. Ne4 $16) 16. Nd3 Nd7 17. Bg3
Na5 18. b3 c4 19. bxc4 Rfc8 20. Rab1 Qc6 (20... Qa6 21. Nb4 Bxb4 22. cxb4 Nxc4
23. Rfc1 Ndb6 24. Rc2 $1 {/\ Rbc1} (24. a4 $2 Qxa4 $1 25. Nxc4 Qb5 $1)) 21. Nb4
Qc5 {>= 21...Qa4} 22. Rfd1 Nf6 (22... Nb6 $6 23. Na6 Qc6 24. c5 Bxc5 25. Nxc5
Qxc5 26. Rb5 Qxc3 27. Be5 Qa3 28. Qg4 $16) 23. Na6 Qc6 24. c5 Nd5 (24... Nb7
25. Nb4 Qxc5 26. Nd3 Qc6 27. Ne5 $18) (24... Rd8 25. Bc7 $1) 25. Ne4 Qa4 26.
Nb4 (26. Rd4 $2 Nxc3 $1 27. Qd3 Qxd4 $1 $19) 26... Nf6 $1 27. Bd6 Nxe4 28. Qxe4
Bf6 29. Rd3 $2 (29. f3 Bxc3 30. Nd5 Qxe4 31. Ne7+ Kh7 32. fxe4) 29... Nc6 30.
Qe2 Ne7 31. Qd1 Qxd1+ 32. Rbxd1 a5 33. Nc2 Nf5 34. Na3 Nxd6 35. cxd6 Rxc3 36.
Rxc3 Bxc3 37. Nb5 Bf6 38. a4 Bd8 39. Rc1 Kf8 40. Kf1 Ke8 41. Rc7 Kf8 (41... Ra6
42. Re7+ (42. Ke2 Rb6 43. Ra7 Rc6 44. Kd3 Rc1 $10) 42... Kf8 43. Nc7 Bxc7 44.
dxc7 Ra8 $10) (41... Rb8 $10) 42. Rb7 (42. Na7 $6 Rb8 43. Nc6 Bxc7) 42... Rc8
43. Nc7 Bxc7 44. Rxc7 Rd8 45. Rc6 Ke8 46. Ra6 Kd7 47. Rxa5 Kxd6 48. Ra7 Rf8 $2
(48... f5 $1 49. Rxg7 Ra8 $10) 49. a5 Kc6 50. h4 g5 51. h5 g4 52. Ke2 f5 53. a6
Rb8 54. Rh7 Rb2+ 55. Ke3 Ra2 56. Rxh6 Kd6 $2 {56...Kd5!} 57. Rg6 $1 (57. Rh8
Rxa6 58. Kf4 Ra4+ 59. Kg5 g3 $1 60. f3 Ra2 61. h6 Rxg2 62. h7 Rh2 $10) 57...
Rxa6 58. h6 Ra1 59. Kf4 Rg1 (59... Rh1 $5 60. Kg5 Rh2 61. Rg7 Rxg2 62. h7 Rh2
63. Kg6 Ke5 $1 {Mit Remis-Chancen}) 60. Rg8 $1 (60. h7 Rh1 61. Rg7 Rh5) 60...
Rxg2 61. h7 Rxf2+ 62. Kg3 Rf3+ 63. Kg2 Rh3 64. h8=Q Rxh8 65. Rxh8 Ke5 66. Kg3
Ke4 67. Rh1 Ke5 68. Re1+ Kf6 69. Kf4 Kf7 70. Ra1 Kf6 71. Ra6 Kf7 72. Ke5 Kg6
73. Rxe6+ Kg5 74. Re8 1-0

[Event "Biel Credis"]
[Site "Biel"]
[Date "1996.??.??"]
[Round "10"]
[White "Rogers, Ian"]
[Black "Landenbergue, Claude"]
[Result "1-0"]
[WhiteElo "2575"]
[BlackElo "2410"]
[Annotator "Cifuentes Parada,L"]
[PlyCount "59"]
[EventDate "1996.07.22"]
[EventType "tourn"]
[EventRounds "11"]
[EventCountry "SUI"]
[EventCategory "10"]
[SourceTitle "CBM 055"]
[Source "ChessBase"]
[SourceDate "1996.12.01"]
[SourceVersion "1"]
[SourceVersionDate "1996.12.01"]
[SourceQuality "1"]

1. d4 Nf6 2. Nf3 e6 3. Bg5 h6 (3... b6 4. Nc3 Bb4 $6 5. e4 h6 6. Bxf6 Qxf6 7.
Bd3 Bb7 8. O-O Bxc3 9. bxc3 O-O 10. Nd2 (10. Ne5 $5) 10... e5 11. f4 $1 exf4
12. e5 Qh4 13. Ne4 d5 14. g3 $1 Qh3 $6 (14... fxg3 15. Nxg3 $44) (14... Qe7 15.
Nf6+ $1 $40) 15. Nf6+ $1 gxf6 16. Rxf4 fxe5 17. Bf5 $18 exf4 18. Bxh3 fxg3 19.
Qg4+ Kh7 20. Qf5+ Kg8 21. Qf6 {1-0 Cifuentes,R-Ligterink,G/ Wijk aan Zee 1988})
4. Bxf6 Qxf6 5. e4 d6 (5... d5 6. e5 Qd8 7. c4 dxc4 8. Bxc4 Nd7 9. Nc3 Nb6 10.
Bb3 Bd7 11. O-O Bc6 12. Rc1 Be7 13. Qd3 Bxf3 14. Qxf3 c6 15. Qg4 g6 16. Bxe6
fxe6 17. Qxe6 Kf8 18. Qxg6 Qe8 19. Qe4 Rd8 20. f4 Rg8 21. f5 $16 {
Hodgson-Lohdi, London 1987}) 6. Nc3 Nd7 (6... g6 7. Qd2 Bg7 8. O-O-O Nc6 9. Bb5
O-O 10. Bxc6 (10. e5 dxe5 (10... Qe7 11. Bxc6 $16) 11. Bxc6 exd4 $44 12. Ne4
Qe7 13. Ba4 c5 14. Rhe1 Rb8 15. Qf4 e5 16. Ned2 exf4 17. Rxe7 b5 18. Bb3 c4 19.
Nxc4 bxc4 20. Bxc4 Rb7 $10 {Hodgson-Ejngorn, Reykjavik 1989}) 10... bxc6 11. e5
Qf5 12. Rhe1 c5 13. Ne4 dxe5 14. dxe5 Bb7 15. Qe3 Bxe5 16. Nxe5 Qxe5 17. Nxc5
Qxe3+ 18. fxe3 Bxg2 19. Rd7 $44 {J Piket-Nijboer, Wijk aan Zee 1990}) 7. Qd2
Qd8 (7... g6 8. O-O-O Bg7 $6 9. Nb5 $1 Qd8 10. Qc3 Nc5 $8 11. e5 Na6 12. exd6
c6 (12... cxd6 13. Qa3) 13. d7+ $1 Qxd7 14. Ne5 $16 {Cifuentes,R-Abarca,M/
Santiago 1983}) 8. O-O-O Be7 (8... a6 9. Kb1 c5 $5 10. h4 b5 11. dxc5 Nxc5 12.
Qe3 Qb6 13. Nd4 Bd7 14. e5 b4 15. Nce2 d5 16. Rh3 Rc8 17. Qf4 $13 {Cifuentes,
R-Van der Wiel,J/ The Netherlands (ch) 1992}) 9. Kb1 O-O $2 (9... a6 $1 10. h4
c5 $13) 10. h4 $36 {x Kg8} e5 11. Be2 exd4 (11... c6 12. g4) 12. Nxd4 Ne5 13.
g3 Bf6 (13... Nc6 14. Nd5 Nxd4 15. Qxd4 Be6 16. f4 $16) 14. Nd5 Be6 15. Nxf6+
Qxf6 16. f4 Nc6 17. Nb5 $1 Qe7 18. g4 f6 19. Nc3 Rae8 20. Rdg1 Kh8 21. f5 (21.
g5 f5 22. gxh6 gxh6) 21... Bg8 22. g5 $18 Ne5 23. Rg3 c6 24. Rhg1 Bh7 (24...
Nf7 25. gxh6 gxh6 26. Bh5 $18) 25. Bh5 Rd8 26. gxh6 gxh6 27. Qxh6 Rg8 28. Bg6
Qg7 29. Qh5 Rb8 30. Ne2 (30. Ne2 Qe7 31. Nf4 a6 32. Ne6 Rxg6 33. Rxg6 Nxg6 34.
fxg6 Re8 35. gxh7 Qxe6 36. Qg6 $18) 1-0

[Event "Andorra op 16th"]
[Site "Andorra"]
[Date "1998.??.??"]
[Round "3"]
[White "Cosma, Ioan"]
[Black "Dorin, Mauricio"]
[Result "1-0"]
[WhiteElo "2480"]
[BlackElo "2355"]
[Annotator "Cosma,I"]
[PlyCount "83"]
[EventDate "1998.06.??"]
[EventType "swiss"]
[EventRounds "9"]
[EventCountry "AND"]
[SourceTitle "EXT 2003"]
[Source "ChessBase"]
[SourceDate "2002.11.25"]
[SourceVersion "1"]
[SourceVersionDate "2002.11.25"]
[SourceQuality "1"]

1. d4 Nf6 2. Nf3 e6 3. g3 b5 4. Bg2 Bb7 5. O-O Be7 6. Bg5 O-O 7. Qd3 Qc8 8.
Nbd2 d5 9. Ne5 c5 10. c3 c4 11. Qc2 a5 12. e4 h6 13. Bxf6 Bxf6 14. Ng4 Be7 15.
e5 Nd7 16. f4 h5 17. Ne3 f5 18. exf6 Nxf6 19. Rae1 Bd6 20. Bh3 Re8 21. Nf3 Ne4
22. Nxd5 Bxd5 23. Rxe4 Qc6 (23... Bxe4 24. Qxe4 $16) 24. Re3 Be7 25. Qe2 Bf6
26. Ne5 Bxe5 27. Rxe5 g6 28. Qc2 $6 Kf7 (28... Kh7 29. Rxh5+) (28... Kg7 29.
Rg5 Be4 30. Bg2 $3 Bxc2 31. Bxc6 Bf5 32. Kg2 Rac8 33. Bxe8 Rxe8 34. h3 $18) 29.
f5 $4 exf5 30. Bxf5 Kg7 31. Rxe8 Rxe8 32. Bh3 b4 $44 33. Qd2 b3 34. a3 Re7 35.
Re1 Qe8 36. Rxe7+ Qxe7 37. Qf4 Qe1+ 38. Bf1 Be4 39. d5 Bd3 (39... Bxd5 40. Qd4+
) 40. d6 Qd1 $2 (40... Bxf1 41. Qxf1 Qd2 42. Qxc4 Qc1+ 43. Kg2 Qxb2+ 44. Kh3
Qc2) 41. d7 Bf5 (41... Bxf1 42. Qd4+ Qxd4+ 43. cxd4 $18) 42. Qe5+ 1-0